Gaming Quiz

Random Gaming or Alphabet Quiz

Cover the Alphabet - Monopoly Properties (US) Quiz Stats

 Plays Quiz Updated Apr 28, 2021

Support Sporcle.
Go Orange.
Score 0/52 Timer 01:30
0 Plays Today
% Correct
Q - Go
99.9%
X - Go
99.6%
Z - Go
99.6%
Q - Go
99.6%
X - Go
99.6%
Z - Go
99.6%
A - Atlantic Av...
96.5%
A - Atlantic Av...
96.5%
L - Atlantic Av...
95.9%
L - Atlantic Av...
95.9%
R - Reading Railroad...
95.9%
R - Reading Railroad...
95.9%
E - Electric Co...
95.8%
E - Electric Co...
95.8%
K - Boardwalk...
95.1%
K - Boardwalk...
95.1%
C - Connecticut Av...
93.4%
C - Connecticut Av...
93.4%
P - Park Pl...
93%
P - Park Pl...
93%
N - New York Av...
91.6%
N - New York Av...
91.6%
O - Oriental Av...
91.5%
O - Oriental Av...
91.5%
I - Illinois Av...
90.6%
I - Illinois Av...
90.6%
% Correct
V - Ventnor Av...
90.3%
V - Ventnor Av...
90.3%
D - Boardwalk...
89.5%
D - Boardwalk...
89.5%
U - Atlantic Av...
89.1%
U - Atlantic Av...
89.1%
B - Baltic Av...
88.9%
B - Baltic Av...
88.9%
T - Tennessee Av...
88.7%
T - Tennessee Av...
88.7%
W - Water Works...
87.9%
W - Water Works...
87.9%
S - Short Line...
86.6%
S - Short Line...
86.6%
M - Med. Av....
80.1%
M - Med. Av....
80.1%
Y - Kentucky Av...
77.7%
Y - Kentucky Av...
77.7%
G - Marvin Gds...
72.3%
G - Marvin Gds...
72.3%
H - Short Line...
56.9%
H - Short Line...
56.9%
J - St. James Pl.
51.8%
J - St. James Pl.
51.8%
F - Pacific Av.
31.9%
F - Pacific Av.
31.9%

You're not logged in!

Compare scores with friends on all Sporcle quizzes.
OR
Log In

From the Vault

TV Shows by Birthday Special

by isabellakng1

And many more, on channel four.
Remove Ads.
Support Sporcle.
Get the best of Sporcle when you Go Orange. This ad-free experience offers more features, more stats, and more fun while also helping to support Sporcle. Thank you for becoming a member.

Show Comments

Extras

Top Quizzes Today


Score Distribution

Your Account Isn't Verified!

In order to create a playlist on Sporcle, you need to verify the email address you used during registration. Go to your Sporcle Settings to finish the process.

Report this User

Report this user for behavior that violates our Community Guidelines.

Details: